Datum a čas kvízu
38
Celkem bodů
Celkový počet nahraných bodů na tomto kvízu bez doplňovacích otázek.
2.
Pořadí na kvízu
Konečné umístění týmu na tomto kvízu.
Zaznamenané odpovědi
| # | Otázka | Odpověď | Body | Výsledky |
|---|---|---|---|---|
| 1. | Vůz Škoda 1200 z roku 1955, pr... | Jandera | 1 | |
| 2. | Co neobvyklého přistálo ve čtv... | C) kontejnerová loď | 0 | |
| 3. | V pondělí nalezli francouzští... | Jim Morrison | 1 | |
| 4. | Při úklidu ve sklepeních Minis... | Edvard Beneš | 1 | |
| 5. | Jak se nazývá klub, který se v... | Tottenham (Hotspur) | 1 | |
| 6. | V tomto tématu se podíváme na... | Robert Kennedy | 1 | |
| 7. | Jak se jmenuje tento muž? Opět... | Casey Affleck | 1 | |
| 8. | Tentokrát nás zajímá příjmení... | Dana Hlaváčová; Dora | 1 | |
| 9. | Jak se jmenuje tento muž? Tent... | Etzler; novinář | 1 | |
| 10. | Napište jméno a příjmení tohot... | Ralf Schumacher | 1 |